| 000 | 00941cam a2200325 i 4500 | ||
|---|---|---|---|
| 001 | 0000486 | ||
| 003 | DO-SdBPM | ||
| 005 | 20241212121147.0 | ||
| 007 | 0000486 | ||
| 008 | 100514s2005 sp || 000 f spa | ||
| 015 | _a | ||
| 017 |
_a _b |
||
| 020 | _a8466317473 | ||
| 035 | _a | ||
| 040 |
_aDO-SdBPM _bspa _cBPMSU _e |
||
| 080 | _a | ||
| 082 | 4 |
_a823.83 _bD548a 2005 _222 |
|
| 100 | 1 | _aDickens, Charles | |
| 240 | 1 | 0 |
_aThe adventures of Oliver Twist _lespañol |
| 245 | 1 | 4 |
_aLas aventuras de Oliver Twist / _cCharles Dickens ; traducción José Méndez Herrera _h |
| 260 |
_aMadrid : _bSantillana Ediciones Generales, _c2005. |
||
| 300 |
_a682 p. ; _c18 m |
||
| 490 | 0 |
_aPunto de lectura _v356 / 3 |
|
| 590 | _aInventariado, 2024/VM | ||
| 650 | 4 |
_2Novela inglesa _a |
|
| 650 | 4 | _aLiteratura inglesa | |
| 700 | 1 |
_aMéndez Herrera, José _etradaductor |
|
| 910 | _aVMateo V. Control de calidad. BPMSU | ||
| 942 |
_2ddc _cBK |
||
| 999 |
_c10709 _d10709 |
||